000 00849nmm a2200277 a 4500
001 ocm0002347487
003 TR-IsHL
005 20201028185351.0
008 190809s2018 tu tur
007 cr cn
020 _a9789752416246
035 _a2347487
_b(N$T)
050 0 4 _aPL248.Ö93
_bE55 2018
090 0 4 _aPL248.Ö93
_bE55 2018
100 1 _aÖzbil, Sami
245 1 0 _aElim sende
_h[electronic resource] /
_cSami Özbil
250 _aBirinci Baskı
260 _aİstanbul :
_bCeylan Yayınları,
_c2018
300 _a207 p.
650 4 _aDil ve Edebiyat
650 4 _aLanguage and Literature
650 0 _aTürk romanı
650 0 _aTurkish fiction
650 7 _aLITERARY COLLECTIONS / Middle Eastern
_2bisacsh
856 4 0 _uhttp://search.ebscohost.com/login.aspx?direct=true&scope=site&db=e011xww&AN=2347487
999 _c21433
_d21433